Genetics and genomics (Record no. 396769)

MARC details
000 -LEADER
fixed length control field 00474 a2200193 4500
005 - DATE & TIME
control field 20260407144821.0
008 - FIXED-LENGTH DATA ELEMENTS--GENERAL INFORMATION
fixed length control field 260407b |||||||| |||| 00| 0 eng d
020 ## - ISBN
International Standard Book Number 9789349583054
Price Rs. 3495.00
040 ## - CATALOGING SOURCE
Original cataloging agency VIVEKANANDA LIBRARY
082 ## - DDC NUMBER
Classification number 576.5
Book Number B219G
100 ## - MAIN ENTRY--PERSONAL NAME
Personal name Balwan, Wahied Khawar
245 ## - TITLE STATEMENT
Title Genetics and genomics
260 ## - PUBLICATION, DISTRIBUTION, ETC. (IMPRINT)
Name of publisher, distributor, etc Amiga Press
Date of publication, distribution, etc 2026
Place of publication, distribution, etc Delhi
300 ## - PHYSICAL DESCRIPTION
Pages xiv, 272
650 ## - Subject
Subject Life Sciences
650 ## - Subject
Subject Genetics
650 ## - Subject
Subject Genomics
942 ## - ADDED ENTRY ELEMENTS (KOHA)
Koha item type Books
Holdings
Withdrawn status Lost status Source of classification or shelving scheme Damaged status Not for loan Location (home branch) Sublocation or collection (holding branch) Shelving location Date acquired Koha issues (times borrowed) Koha full call number Accession No. Koha date last seen Koha item type
    Dewey Decimal Classification     VIVEKANANDA LIBRARY VIVEKANANDA LIBRARY Vivekananda Library 19/02/2026   576.5 B219G 438532 19/02/2026 Books
© Designed and Maintained by Vivekananda Library, MDU Rohtak